000 00470nam a2200157 i 4500
001 151845
003 ES-MaACL
005 20231227160947.0
008 931025s1893 sp |||| | spa d
100 1 _aBenavente, Jacinto,
_d1866-1954
_927443
245 1 0 _aVersos /
_cJacinto Benavente.
260 _aMadrid :
_b[s.n.],
_c1893 (
_fTip. Franco-EspaƱola)
300 _a105 p. ;
_c15 cm.
852 _aES-MaACL
_jF-10152
_z- Enc. hol.
999 _c151845
_d151845